000 00449nam a22001817a 4500
003 MPLRDC
005 20220104124312.0
008 210129b ||||| |||| 00| 0 eng d
020 _a957-8667-20-5
082 _a220.7 ZXS
100 _a张晓师编著
245 _a佛经中的民间故事与寓言
_c
260 _a
_b三丰出版社
_c1992
300 _b
490 _a佛学传奇. 1
650 _a佛教杂论
942 _cBK
_o220.7 ZXS
999 _c18246
_d18236